Increasing Biggest Cities #001 - Afghanistan - Statistics

General Stats
  • This quiz has been taken 22 times
  • The average score is 4 of 5
Answer Stats
Population City % Correct
4 434 600 Kabul
100%
523 300 Kandahār
95%
574 300 Herāt
84%
271 900 Jalālābād
63%
484 500 Mazar-i-Sharif
37%
No matching quizzes found
Score Distribution
Percent of People with Each Score
Percentile by Number Answered
Your Score History
You have not taken this quiz